[Event "Quebec op"]
[Site "Montreal"]
[Date "2023.07.29"]
[Round "2"]
[White "Wang, Rachel Zihan"]
[Black "Libersan, Thierry"]
[Result "1/2-1/2"]
[WhiteElo "1675"]
[BlackElo "1920"]
[PlyCount "73"]
[EventDate "2023.07.29"]
[EventType "swiss"]
[EventRounds "9"]
[EventCountry "CAN"]
[SourceTitle "CBM 215 Extra"]
[Source "ChessBase"]
[SourceDate "2023.09.30"]
[SourceVersion "1"]
[SourceVersionDate "2023.09.30"]
[SourceQuality "1"]

1. d4 d5 2. c4 e5 3. dxe5 d4 4. Nf3 Nc6 5. a3 Nge7 6. Nbd2 Bg4 7. h3 Bxf3 8. Nxf3 Ng6 9. e3 dxe3 10. Bxe3 Qxd1+ 11. Rxd1 Be7 12. Bd4 0-0-0 13. Bc3 Rhe8 14. Bd3 f6 15. Bf5+ Kb8 16. Bxg6 hxg6 17. 0-0 g5 18. Rfe1 Kc8 19. Rxd8+ Bxd8 20. Kf1 f5 21. b4 Be7 22. b5 Nd8 23. e6 g4 24. hxg4 fxg4 25. Nh2 g3 26. fxg3 g6 27. a4 Bd6 28. Ng4 Bxg3 29. Re3 Bd6 30. Nf6 Rxe6 31. Ke2 Bc5 32. Rxe6 Nxe6 33. Kf3 Bd6 34. Ne4 Be7 35. Kg4 Kd7 36. Kf3 b6 37. Ke3 1/2-1/2

[Event "Montreal op"]
[Site "Montreal"]
[Date "2019.09.07"]
[Round "2"]
[White "Libersan, Thierry"]
[Black "Tinica, Gabriel"]
[Result "1/2-1/2"]
[WhiteElo "1996"]
[BlackElo "1932"]
[PlyCount "56"]
[EventDate "2019.09.06"]
[EventType "swiss"]
[EventRounds "5"]
[EventCountry "CAN"]
[SourceTitle "EXT 2020"]
[Source "ChessBase"]
[SourceDate "2019.10.17"]
[SourceVersion "1"]
[SourceVersionDate "2019.10.17"]
[SourceQuality "1"]

1. e4 c5 2. Nf3 Nc6 3. Bb5 Nd4 4. Bc4 e6 5. Nc3 Ne7 6. Nxd4 cxd4 7. Ne2 Nc6 8. 0-0 Bc5 9. d3 0-0 10. a3 a5 11. f4 Ne7 12. Ng3 f5 13. Kh1 Rb8 14. Bd2 b5 15. Ba2 Bb7 16. Qe2 Kh8 17. Rac1 b4 18. axb4 axb4 19. Bb3 Qc7 20. Ra1 Ra8 21. Rxa8 Bxa8 22. h3 Bc6 23. Kh2 Ng6 24. exf5 exf5 25. Qh5 Bd6 26. Qg5 Be7 27. Qh5 Bd6 28. Qg5 Be7 1/2-1/2

[Event "Montreal op"]
[Site "Montreal"]
[Date "2019.09.06"]
[Round "1"]
[White "Ouellet, Maili Jade"]
[Black "Libersan, Thierry"]
[Result "1-0"]
[WhiteElo "2245"]
[BlackElo "1996"]
[PlyCount "61"]
[EventDate "2019.09.06"]
[EventType "swiss"]
[EventRounds "5"]
[EventCountry "CAN"]
[SourceTitle "EXT 2020"]
[Source "ChessBase"]
[SourceDate "2019.10.17"]
[SourceVersion "1"]
[SourceVersionDate "2019.10.17"]
[SourceQuality "1"]

1. d4 f5 2. c4 e6 3. Nf3 d5 4. Nc3 c6 5. Bf4 Nf6 6. e3 Qa5 7. Nd2 Bb4 8. Qc2 Ne4 9. Ndxe4 fxe4 10. Be2 0-0 11. 0-0 Qd8 12. f3 exf3 13. Rxf3 Nd7 14. Bd3 h6 15. Raf1 Be7 16. cxd5 exd5 17. Nxd5 cxd5 18. Bc7 Rxf3 19. Rxf3 Qe8 20. Bg6 Qf8 21. Rxf8+ Nxf8 22. Bh5 Be6 23. Qb3 b6 24. Bf3 Rc8 25. Bxd5 Rxc7 26. Bxe6+ Nxe6 27. Qxe6+ Kh8 28. d5 Rc1+ 29. Kf2 Bf6 30. d6 Rc2+ 31. Ke1 1-0

[Event "Quebec op"]
[Site "Longueuil"]
[Date "2019.07.27"]
[Round "9"]
[White "Libersan, Thierry"]
[Black "Manley, Jason"]
[Result "1/2-1/2"]
[WhiteElo "2017"]
[BlackElo "2025"]
[PlyCount "257"]
[EventDate "2019.07.20"]
[EventType "swiss"]
[EventRounds "9"]
[EventCountry "CAN"]
[SourceTitle "CBM 191 Extra"]
[Source "ChessBase"]
[SourceDate "2019.09.30"]
[SourceVersion "1"]
[SourceVersionDate "2019.09.30"]
[SourceQuality "1"]

1. d4 Nf6 2. Bf4 d6 3. Nc3 Nbd7 4. Nf3 c5 5. e3 a6 6. a4 Qb6 7. Ra3 cxd4 8. exd4 e5 9. Rb3 Qa5 10. Qe2 e4 11. Bd2 Qf5 12. Ng5 d5 13. f3 h6 14. fxe4 dxe4 15. Ngxe4 Qe6 16. d5 Qe5 17. Bf4 Qxf4 18. Nxf6+ Kd8 19. Qe8+ Kc7 20. d6+ Qxd6 21. Ncd5+ Kb8 22. Nxd7+ Qxd7 23. Qxd7 Bxd7 24. Nb6 Be6 25. Nxa8 Bxb3 26. cxb3 Bb4+ 27. Kf2 Rd8 28. Be2 Kxa8 29. Rd1 Bd6 30. Kf3 Kb8 31. Bc4 f6 32. Kg4 Kc7 33. Kf5 Re8 34. Kg6 Re5 35. h4 Re4 36. Kxg7 Be5 37. h5 Rg4+ 38. Kxh6 Rxg2 39. Be6 b5 40. Rd7+ Kb6 41. b4 Kc6 42. b3 Bf4+ 43. Kh7 Rg5 44. Ra7 Kb6 45. Rd7 Rxh5+ 46. Kg6 Rh6+ 47. Kf5 Bc7 48. Bd5 bxa4 49. bxa4 Rh5+ 50. Kg6 Rh4 51. a5+ Kb5 52. Rxc7 Rxb4 53. Kxf6 Kxa5 54. Ke5 Rh4 55. Rb7 Rb4 56. Rc7 Rh4 57. Kd6 Rh5 58. Kc5 Rg5 59. Rb7 Rh5 60. Rb2 Rh4 61. Ra2+ Ra4 62. Rb2 Rh4 63. Rb6 Rh5 64. Re6 Rg5 65. Re2 Rg4 66. Re1 Rh4 67. Be4 Rh5+ 68. Bd5 Rh4 69. Ra1+ Ra4 70. Rh1 Rh4 71. Re1 Rg4 72. Re6 Rg5 73. Kd4 Rg4+ 74. Be4 Kb5 75. Kc3 Kc5 76. Bd3 a5 77. Re5+ Kd6 78. Rxa5 Rh4 79. Bc4 Rg4 80. Kb4 Rh4 81. Ra6+ Ke5 82. Kc5 Rh1 83. Re6+ Kf5 84. Re8 Rd1 85. Bd5 Ra1 86. Kd6 Kf4 87. Re4+ Kf5 88. Re3 Ra6+ 89. Bc6 Ra1 90. Rf3+ Kg4 91. Rf8 Ra6 92. Kc5 Ra5+ 93. Kd4 Ra1 94. Be4 Ra4+ 95. Ke5 Kg3 96. Rf3+ Kg4 97. Rf2 Rb4 98. Rg2+ Kh4 99. Kf4 Rb3 100. Rg4+ Kh5 101. Rg7 Rb6 102. Rg1 Kh6 103. Bf5 Rb4+ 104. Ke5 Rb5+ 105. Kf6 Rb6+ 106. Be6 Rb5 107. Rg6+ Kh5 108. Rg8 Kh4 109. Rg7 Ra5 110. Rg4+ Kh5 111. Rg3 Ra4 112. Bf5 Ra6+ 113. Ke5 Ra5+ 114. Kf4 Ra4+ 115. Be4 Kh4 116. Rg4+ Kh5 117. Rg7 Ra6 118. Rg2 Kh6 119. Rh2+ Kg7 120. Rh7+ Kf8 121. Ke5 Ra1 122. Bf5 Re1+ 123. Kf6 Rg1 124. Rf7+ Ke8 125. Rc7 Rd1 126. Rc8+ Rd8 127. Bg6+ Kd7 128. Bf5+ Ke8 129. Rc7 1/2-1/2

[Event "Quebec op"]
[Site "Longueuil"]
[Date "2019.07.26"]
[Round "8"]
[White "Feoktistov, Dmitri"]
[Black "Libersan, Thierry"]
[Result "1-0"]
[WhiteElo "2139"]
[BlackElo "2017"]
[PlyCount "63"]
[EventDate "2019.07.20"]
[EventType "swiss"]
[EventRounds "9"]
[EventCountry "CAN"]
[SourceTitle "CBM 191 Extra"]
[Source "ChessBase"]
[SourceDate "2019.09.30"]
[SourceVersion "1"]
[SourceVersionDate "2019.09.30"]
[SourceQuality "1"]

1. d4 Nf6 2. c4 g6 3. Nc3 Bg7 4. e4 d6 5. f3 Nbd7 6. Be3 0-0 7. Qd2 e5 8. Nge2 c6 9. 0-0-0 a6 10. g4 b5 11. c5 Qa5 12. cxd6 b4 13. Nb1 Rd8 14. Na3 Ne8 15. Kb1 Nxd6 16. Bg5 f6 17. Be3 Rb8 18. Nc1 exd4 19. Bxd4 Ne5 20. Bxe5 fxe5 21. Nc4 Qc7 22. Nxd6 Be6 23. f4 Rd7 24. f5 Bf7 25. Bxa6 Rbd8 26. Qxb4 Rxd6 27. Rxd6 Rxd6 28. Bc4 Rd4 29. Bxf7+ Kxf7 30. Qb3+ Kf8 31. fxg6 hxg6 32. Rf1+ 1-0

[Event "Quebec op"]
[Site "Longueuil"]
[Date "2019.07.24"]
[Round "6"]
[White "Libersan, Thierry"]
[Black "Guipi Bopala, Prince Eric Jr"]
[Result "1-0"]
[WhiteElo "2017"]
[BlackElo "1619"]
[PlyCount "63"]
[EventDate "2019.07.20"]
[EventType "swiss"]
[EventRounds "9"]
[EventCountry "CAN"]
[SourceTitle "CBM 191 Extra"]
[Source "ChessBase"]
[SourceDate "2019.09.30"]
[SourceVersion "1"]
[SourceVersionDate "2019.09.30"]
[SourceQuality "1"]

1. c4 e6 2. d4 d5 3. Nc3 Be7 4. Nf3 Nf6 5. g3 0-0 6. Bg2 c6 7. 0-0 b6 8. Bf4 Bb7 9. cxd5 cxd5 10. Rc1 Nc6 11. a3 Rc8 12. Qd3 Na5 13. Nd2 a6 14. Rfd1 Bd6 15. Bg5 h6 16. Bxf6 Qxf6 17. e4 dxe4 18. Ndxe4 Bxe4 19. Nxe4 Qe7 20. Qxa6 Rxc1 21. Rxc1 Nb3 22. Rc6 Bb8 23. Qxb6 Na1 24. Qc5 Qxc5 25. dxc5 Rd8 26. Nd6 Nb3 27. Rc8 Rxc8 28. Nxc8 Nxc5 29. b4 Na6 30. Bb7 Nc7 31. Ne7+ Kf8 32. Nc6 1-0

[Event "Quebec op"]
[Site "Longueuil"]
[Date "2019.07.21"]
[Round "3"]
[White "Libersan, Thierry"]
[Black "Huang, Qiuyu"]
[Result "0-1"]
[WhiteElo "2017"]
[BlackElo "2181"]
[PlyCount "76"]
[EventDate "2019.07.20"]
[EventType "swiss"]
[EventRounds "9"]
[EventCountry "CAN"]
[SourceTitle "CBM 191 Extra"]
[Source "ChessBase"]
[SourceDate "2019.09.30"]
[SourceVersion "1"]
[SourceVersionDate "2019.09.30"]
[SourceQuality "1"]

1. d4 f5 2. c4 Nf6 3. Nc3 g6 4. g3 Bg7 5. Bg2 0-0 6. Nf3 d6 7. 0-0 Qe8 8. d5 a5 9. Nd4 Na6 10. Rb1 Bd7 11. a3 a4 12. h3 Nc5 13. Ndb5 Qc8 14. Kh2 c6 15. Nd4 Rd8 16. Be3 Qc7 17. Qd2 Nce4 18. Nxe4 fxe4 19. Bh6 Bh8 20. g4 c5 21. Nc2 b5 22. Ne3 Rdb8 23. Qc2 bxc4 24. Bxe4 Nxe4 25. Qxe4 c3 26. bxc3 Bxc3 27. Qxe7 Re8 28. Qg5 Re5 29. Qh4 Rae8 30. Bf4 Re4 31. Bg3 Kg7 32. Qg5 Bf6 33. Nf5+ Bxf5 34. Qc1 Bc8 35. e3 h5 36. gxh5 Qd7 37. Rh1 gxh5 38. Rb6 Be5 0-1

[Event "Quebec op"]
[Site "Longueuil"]
[Date "2019.07.20"]
[Round "1"]
[White "Libersan, Thierry"]
[Black "Roussel Roozmon, Thomas"]
[Result "0-1"]
[WhiteElo "2017"]
[BlackElo "2463"]
[PlyCount "136"]
[EventDate "2019.07.20"]
[EventType "swiss"]
[EventRounds "9"]
[EventCountry "CAN"]
[SourceTitle "CBM 191 Extra"]
[Source "ChessBase"]
[SourceDate "2019.09.30"]
[SourceVersion "1"]
[SourceVersionDate "2019.09.30"]
[SourceQuality "1"]

1. d4 Nf6 2. Bf4 d5 3. e3 c5 4. c3 Nc6 5. Nd2 Bg4 6. f3 Bf5 7. g4 Bg6 8. h4 h5 9. g5 Nd7 10. Bb5 Qb6 11. Qb3 e6 12. Ne2 a6 13. Ba4 Be7 14. Bg3 cxd4 15. exd4 Rc8 16. Kf2 Qa7 17. Bxc6 Rxc6 18. a4 Qb6 19. a5 Qxb3 20. Nxb3 b5 21. Nf4 Bf5 22. Rhe1 Nf8 23. Nc1 Ng6 24. Ncd3 Nxf4 25. Nxf4 Kd7 26. Re3 b4 27. Rae1 bxc3 28. bxc3 Bd6 29. R1e2 g6 30. Rb2 Rhc8 31. Rb7+ R8c7 32. Rxc7+ Bxc7 33. Nd3 Bxd3 34. Bxc7 Rxc7 35. Rxd3 Rb7 36. Ke3 Rb5 37. Rd2 Rxa5 38. Rb2 Kc7 39. Kf4 Ra3 40. Rc2 Kd6 41. c4 dxc4 42. Rxc4 a5 43. Rc8 a4 44. Ra8 Kd5 45. Rd8+ Kc4 46. Rd7 Rd3 47. Ke4 Rd1 48. Rc7+ Kb3 49. Rb7+ Kc3 50. Rc7+ Kb3 51. Rb7+ Kc3 52. Rc7+ Kb2 53. Rb7+ Ka2 54. Rxf7 Re1+ 55. Kf4 a3 56. Rb7 Ka1 57. Rb5 a2 58. Rb6 Re2 59. Rb5 Rb2 60. Ra5 Rb6 61. Ke5 Kb2 62. Kf6 a1Q 63. Rxa1 Kxa1 64. Kxg6 e5+ 65. Kf5 exd4 66. Ke4 Rb3 67. f4 d3 68. Ke3 d2+ 0-1

[Event "Montreal Varennes op"]
[Site "Montreal"]
[Date "2018.10.07"]
[Round "5"]
[White "Morella Cabrera, Julio Antonio"]
[Black "Libersan, Thierry"]
[Result "1-0"]
[WhiteElo "2211"]
[BlackElo "2022"]
[PlyCount "89"]
[EventDate "2018.10.05"]
[EventType "swiss"]
[EventRounds "5"]
[EventCountry "CAN"]
[SourceTitle "CBM 187 Extra"]
[Source "ChessBase"]
[SourceDate "2018.11.04"]
[SourceVersion "1"]
[SourceVersionDate "2018.11.04"]
[SourceQuality "1"]

1. e4 c5 2. Nc3 e6 3. g3 Nc6 4. Bg2 g6 5. d3 Bg7 6. Be3 d6 7. Qd2 Rb8 8. Nge2 Nd4 9. 0-0 Ne7 10. Nd1 0-0 11. Nxd4 cxd4 12. Bh6 b5 13. Bxg7 Kxg7 14. c3 Qb6 15. cxd4 Qxd4 16. Rc1 Ba6 17. Rc7 Rb7 18. Rxb7 Bxb7 19. Nc3 b4 20. Ne2 Qb6 21. h4 h6 22. Kh2 Rc8 23. h5 Rc5 24. hxg6 fxg6 25. Nf4 Bc8 26. d4 Rc4 27. Rd1 Nc6 28. Ne2 Ne7 29. b3 Rc7 30. Bf3 g5 31. Bg2 Ng6 32. f4 gxf4 33. Nxf4 Nxf4 34. Qxf4 Rf7 35. Qg4+ Kh7 36. Rd2 Qc7 37. e5 d5 38. Qe2 Qe7 39. Rc2 Bb7 40. Bh3 Kg7 41. Qg4+ Kh7 42. Qxe6 Qf8 43. Bg2 h5 44. Qd6 Qg7 45. e6 1-0

[Event "Montreal op"]
[Site "Montreal"]
[Date "2018.09.09"]
[Round "5"]
[White "Zhong, Kevin"]
[Black "Libersan, Thierry"]
[Result "1/2-1/2"]
[WhiteElo "1877"]
[BlackElo "2028"]
[PlyCount "106"]
[EventDate "2018.09.07"]
[EventType "swiss"]
[EventRounds "5"]
[EventCountry "CAN"]
[SourceTitle "CBM 186 Extra"]
[Source "ChessBase"]
[SourceDate "2018.08.24"]
[SourceVersion "1"]
[SourceVersionDate "2018.08.24"]
[SourceQuality "1"]

1. e4 c5 2. Ne2 Nc6 3. Nbc3 e6 4. d4 cxd4 5. Nxd4 Qc7 6. Be3 a6 7. Qf3 Nf6 8. 0-0-0 Bb4 9. Nxc6 bxc6 10. Bd4 Be7 11. Qg3 Qxg3 12. hxg3 c5 13. Be3 Ng4 14. Re1 Nxe3 15. Rxe3 d6 16. f4 h6 17. Be2 Bb7 18. Bf3 0-0 19. Rd1 Rab8 20. b3 Rfc8 21. Na4 Bc6 22. Nb2 Rd8 23. a4 Bf6 24. e5 Bxf3 25. gxf3 dxe5 26. fxe5 Rxd1+ 27. Kxd1 Be7 28. Rd3 Kf8 29. Ke2 Ke8 30. Nc4 Rd8 31. Nb2 Rxd3 32. Kxd3 Kd7 33. Kc4 Kc6 34. a5 h5 35. f4 g5 36. fxg5 Bxg5 37. Nd3 Bd8 38. Nxc5 Bxa5 39. b4 Bc7 40. Nd3 Bd8 41. Kd4 h4 42. gxh4 Bxh4 43. c4 Be7 44. Ke4 f6 45. exf6 Bxf6 46. Ne5+ Kd6 47. c5+ Kc7 48. Kf4 Bxe5+ 49. Kxe5 Kc6 50. Kxe6 a5 51. bxa5 Kxc5 52. a6 Kb6 53. Kd6 Kxa6 1/2-1/2

[Event "Montreal op"]
[Site "Montreal"]
[Date "2018.09.08"]
[Round "3"]
[White "Libersan, Thierry"]
[Black "Xu, Daniel"]
[Result "1-0"]
[WhiteElo "2028"]
[BlackElo "1806"]
[PlyCount "53"]
[EventDate "2018.09.07"]
[EventType "swiss"]
[EventRounds "5"]
[EventCountry "CAN"]
[SourceTitle "CBM 186 Extra"]
[Source "ChessBase"]
[SourceDate "2018.08.24"]
[SourceVersion "1"]
[SourceVersionDate "2018.08.24"]
[SourceQuality "1"]

1. d4 Nf6 2. Bf4 g6 3. Nc3 Bg7 4. e4 d6 5. Qd2 0-0 6. 0-0-0 Nbd7 7. Bh6 c5 8. Bxg7 Kxg7 9. Nf3 cxd4 10. Nxd4 Nc5 11. f3 Ne6 12. g4 Qb6 13. Nb3 Bd7 14. h4 Bc6 15. Bc4 a5 16. Bxe6 fxe6 17. Nd4 Bd7 18. h5 Rh8 19. Qg5 a4 20. e5 dxe5 21. Qxe5 Ra5 22. Qe3 Qa6 23. hxg6 Kxg6 24. Qh6+ Kf7 25. g5 Ng8 26. g6+ Ke8 27. g7 1-0

[Event "Montreal op"]
[Site "Montreal"]
[Date "2018.09.07"]
[Round "1"]
[White "Dukic, Zachary"]
[Black "Libersan, Thierry"]
[Result "1-0"]
[WhiteElo "2135"]
[BlackElo "2028"]
[PlyCount "71"]
[EventDate "2018.09.07"]
[EventType "swiss"]
[EventRounds "5"]
[EventCountry "CAN"]
[SourceTitle "CBM 186 Extra"]
[Source "ChessBase"]
[SourceDate "2018.08.24"]
[SourceVersion "1"]
[SourceVersionDate "2018.08.24"]
[SourceQuality "1"]

1. e4 c5 2. Nf3 e6 3. d4 cxd4 4. Nxd4 Nc6 5. Nc3 Qc7 6. Be3 a6 7. Qd2 Nf6 8. 0-0-0 Bb4 9. f3 d5 10. a3 Bxc3 11. Qxc3 dxe4 12. Nxc6 Qxc6 13. Qxc6+ bxc6 14. Bc5 Bb7 15. Be2 Rd8 16. c4 Nd7 17. Bd6 c5 18. Rd2 f6 19. Rhd1 exf3 20. Bxf3 Bxf3 21. gxf3 Ne5 22. Bxe5 Rxd2 23. Rxd2 fxe5 24. Rd6 Ke7 25. Rxa6 Rf8 26. b4 Rxf3 27. b5 e4 28. b6 Kd7 29. a4 Kc6 30. a5 Rd3 31. Kc2 Rd4 32. Ra8 e3 33. Rc8+ Kb7 34. Rc7+ Kb8 35. a6 Rxc4+ 36. Kd3 1-0

[Event "Quebec op"]
[Site "Quebec"]
[Date "2018.07.23"]
[Round "4"]
[White "Jacquet, Stephane"]
[Black "Libersan, Thierry"]
[Result "1/2-1/2"]
[WhiteElo "1936"]
[BlackElo "2047"]
[PlyCount "111"]
[EventDate "2018.07.21"]
[EventType "swiss"]
[EventRounds "9"]
[EventCountry "CAN"]
[SourceTitle "CBM 186 Extra"]
[Source "ChessBase"]
[SourceDate "2018.08.24"]
[SourceVersion "1"]
[SourceVersionDate "2018.08.24"]
[SourceQuality "1"]

1. d4 Nf6 2. c4 g6 3. Nc3 Bg7 4. e4 d6 5. Be2 0-0 6. Nf3 e5 7. 0-0 Nc6 8. d5 Ne7 9. Ne1 Nd7 10. Be3 f5 11. f3 f4 12. Bf2 h5 13. Nd3 g5 14. c5 Nf6 15. cxd6 cxd6 16. Rc1 Ng6 17. Nb5 Rf7 18. Nxa7 Bd7 19. a4 g4 20. Nb5 Bxb5 21. axb5 g3 22. hxg3 fxg3 23. Bxg3 h4 24. Bh2 Bh6 25. f4 Nxe4 26. Bh5 Rg7 27. Bxg6 Rxg6 28. Qh5 Kg7 29. Rce1 Qb6+ 30. Kh1 Ng3+ 31. Bxg3 hxg3 32. fxe5 Bg5 33. Rf7+ Kxf7 34. Qh7+ Rg7 35. Rf1+ Qf2 36. Rxf2+ gxf2 37. Qf5+ Kg8 38. Nxf2 dxe5 39. Nh3 Bf4 40. g4 Rf8 41. Qe6+ Kh8 42. Kg2 Kh7 43. Nxf4 Rxf4 44. Kg3 Rgxg4+ 45. Qxg4 Rxg4+ 46. Kxg4 Kg6 47. Kf3 Kf5 48. Ke3 e4 49. d6 Ke6 50. Kxe4 Kxd6 51. Kd4 Kc7 52. Kc5 Kb8 53. Kb6 Ka8 54. Kc7 Ka7 55. b6+ Ka8 56. Kc8 1/2-1/2

[Event "Quebec op"]
[Site "Quebec"]
[Date "2018.07.22"]
[Round "3"]
[White "Libersan, Thierry"]
[Black "Saine, Zachary"]
[Result "0-1"]
[WhiteElo "2047"]
[BlackElo "1899"]
[PlyCount "78"]
[EventDate "2018.07.21"]
[EventType "swiss"]
[EventRounds "9"]
[EventCountry "CAN"]
[SourceTitle "CBM 186 Extra"]
[Source "ChessBase"]
[SourceDate "2018.08.24"]
[SourceVersion "1"]
[SourceVersionDate "2018.08.24"]
[SourceQuality "1"]

1. d4 d5 2. Bf4 Nf6 3. e3 c5 4. c3 Nc6 5. Nd2 Bf5 6. Ngf3 e6 7. Qb3 Qb6 8. Bb5 c4 9. Qa4 Nd7 10. 0-0 a6 11. Bxc6 bxc6 12. b3 Bd3 13. Rfe1 Qb5 14. Qxb5 axb5 15. a4 b4 16. Rec1 bxc3 17. Rxc3 Bb4 18. Rcc1 f6 19. Ra2 g5 20. Bg3 cxb3 21. Nxb3 Bc4 22. Rb1 g4 23. Nfd2 Bxd2 24. Rxd2 Bxb3 25. Rxb3 Rxa4 26. f3 gxf3 27. gxf3 Ke7 28. Rc2 Rc8 29. Rb7 Ra5 30. Bh4 Kd6 31. Bg3+ e5 32. f4 Ke6 33. fxe5 fxe5 34. Bxe5 Nxe5 35. dxe5 h5 36. Rh7 Kxe5 37. Rxh5+ Ke4 38. Rh3 Ra3 39. Kf2 d4 0-1

[Event "Quebec op"]
[Site "Quebec"]
[Date "2018.07.21"]
[Round "1"]
[White "Edouard, Romain"]
[Black "Libersan, Thierry"]
[Result "1-0"]
[WhiteElo "2638"]
[BlackElo "2047"]
[PlyCount "53"]
[EventDate "2018.07.21"]
[EventType "swiss"]
[EventRounds "9"]
[EventCountry "CAN"]
[SourceTitle "CBM 186 Extra"]
[Source "ChessBase"]
[SourceDate "2018.08.24"]
[SourceVersion "1"]
[SourceVersionDate "2018.08.24"]
[SourceQuality "1"]

1. d4 Nf6 2. c4 g6 3. g3 Bg7 4. Bg2 0-0 5. Nc3 d6 6. Nf3 Nc6 7. 0-0 e5 8. d5 Na5 9. Nd2 c5 10. dxc6 Nxc6 11. Nde4 Nxe4 12. Nxe4 Be6 13. Nxd6 Qb6 14. b3 Rad8 15. Be3 Nd4 16. Bxd4 exd4 17. Nxb7 Rb8 18. c5 Qb5 19. c6 Bd5 20. Rc1 Bxg2 21. Kxg2 Rfc8 22. Qd3 Rxb7 23. cxb7 Qxb7+ 24. Qf3 Qb8 25. Qf4 Qa8+ 26. Kg1 Rc3 27. e3 1-0

[Event "Trois-Rivieres op"]
[Site "Trois Rivieres"]
[Date "2018.03.16"]
[Round "1.4"]
[White "Chiku Ratte, Olivier Kenta"]
[Black "Libersan, Thierry"]
[Result "1-0"]
[WhiteElo "2459"]
[BlackElo "2058"]
[PlyCount "69"]
[EventDate "2018.03.16"]
[EventType "swiss"]
[EventRounds "5"]
[EventCountry "CAN"]
[SourceTitle "EXT 2022"]
[Source "ChessBase"]
[SourceDate "2021.10.06"]
[SourceVersion "1"]
[SourceVersionDate "2021.10.06"]
[SourceQuality "1"]

1. d4 Nf6 2. c4 g6 3. Nc3 Bg7 4. e4 d6 5. f3 0-0 6. Nge2 Nbd7 7. Be3 c5 8. d5 a6 9. Ng3 Rb8 10. a4 h5 11. Be2 h4 12. Nf1 Ne8 13. Nd2 Nc7 14. Nb3 Nf6 15. 0-0 Bd7 16. Qc2 b5 17. axb5 axb5 18. Nd2 Rb7 19. Bd3 Qb8 20. Ne2 Nh5 21. Rab1 bxc4 22. Nxc4 Na6 23. Bg5 Nb4 24. Qd2 Bb5 25. Bxh4 Re8 26. b3 Nf6 27. Nc3 Ba6 28. Be2 Nd7 29. f4 Qc7 30. e5 dxe5 31. d6 exd6 32. Nxd6 Re6 33. Nxb7 Bxb7 34. Rbd1 exf4 35. Qxd7 1-0

[Event "Granby op"]
[Site "Granby"]
[Date "2017.11.26"]
[Round "5"]
[White "Leger, Maxime"]
[Black "Libersan, Thierry"]
[Result "1-0"]
[WhiteElo "1984"]
[BlackElo "2151"]
[PlyCount "31"]
[EventDate "2017.11.24"]
[EventType "swiss"]
[EventRounds "5"]
[EventCountry "CAN"]
[SourceTitle "EXT 2022"]
[Source "ChessBase"]
[SourceDate "2021.10.06"]
[SourceVersion "1"]
[SourceVersionDate "2021.10.06"]
[SourceQuality "1"]

1. e4 c5 2. Nc3 Nc6 3. g3 g6 4. Bg2 Bg7 5. d3 e6 6. Be3 d6 7. Qd2 Nd4 8. Nd1 e5 9. f4 Ne7 10. c3 Ndc6 11. Nf3 b6 12. 0-0 0-0 13. f5 gxf5 14. Bh6 fxe4 15. Bxg7 exf3 16. Bf6 1-0

[Event "Montreal Varennes op"]
[Site "Montreal"]
[Date "2017.10.07"]
[Round "3"]
[White "Lin, Benjamin"]
[Black "Libersan, Thierry"]
[Result "1-0"]
[WhiteElo "1862"]
[BlackElo "2086"]
[PlyCount "85"]
[EventDate "2017.10.06"]
[EventType "swiss"]
[EventRounds "5"]
[EventCountry "CAN"]
[SourceTitle "CBM 181 Extra"]
[Source "ChessBase"]
[SourceDate "2017.12.12"]
[SourceVersion "1"]
[SourceVersionDate "2017.12.12"]
[SourceQuality "1"]

1. d4 d5 2. c4 e5 3. dxe5 d4 4. Nf3 Nc6 5. a3 Nge7 6. b4 Ng6 7. Bb2 a5 8. b5 Ncxe5 9. Nxe5 Nxe5 10. Bxd4 Nxc4 11. e3 Be6 12. Qc2 Nd6 13. Bd3 Qg5 14. 0-0 Nxb5 15. Bxb5+ Qxb5 16. Qxc7 Rc8 17. Qg3 Qd3 18. Nc3 f6 19. Rfd1 Qg6 20. Qf3 Rc6 21. Nb5 Bg4 22. Qg3 Be7 23. f3 Be6 24. Qb8+ Kf7 25. Qxb7 Rhc8 26. Rd2 Bd5 27. Nd6+ Kf8 28. Nxc8 Rc1+ 29. Rxc1 Bxb7 30. Nxe7 Qg5 31. Nc6 h5 32. Bc5+ Kg8 33. Ne7+ Kh7 34. Kf1 h4 35. Kf2 h3 36. g3 Qh5 37. e4 Qe5 38. Nf5 Ba8 39. Bd4 Qb8 40. Rdc2 Qb3 41. Rc7 Bb7 42. Rxg7+ Kh8 43. Bxf6 1-0

[Event "Montreal op"]
[Site "Montreal"]
[Date "2017.09.10"]
[Round "5"]
[White "Libersan, Thierry"]
[Black "Huang, Qiuyu"]
[Result "1-0"]
[WhiteElo "2069"]
[BlackElo "2181"]
[PlyCount "87"]
[EventDate "2017.09.08"]
[EventType "swiss"]
[EventRounds "5"]
[EventCountry "CAN"]
[SourceTitle "CBM 180 Extra"]
[Source "ChessBase"]
[SourceDate "2017.10.06"]
[SourceVersion "1"]
[SourceVersionDate "2017.10.06"]
[SourceQuality "1"]

1. c4 e6 2. g3 d5 3. Bg2 Nf6 4. Nf3 Be7 5. 0-0 0-0 6. cxd5 exd5 7. d4 b6 8. Nc3 Bb7 9. Bf4 Na6 10. Rc1 c5 11. Qc2 Qd7 12. Rfd1 Rfd8 13. Qb1 h6 14. h3 Rac8 15. g4 Nc7 16. Be5 Nh7 17. e4 dxe4 18. Nxe4 Nd5 19. dxc5 bxc5 20. Bg3 Nhf6 21. Ne5 Qb5 22. Bf1 Qa4 23. Nxf6+ Bxf6 24. b3 Qe8 25. Re1 Qf8 26. Bb5 Nb6 27. a4 a6 28. Bd3 g6 29. a5 Nd5 30. Bc4 Qg7 31. Qe4 Rc7 32. Rcd1 Nb4 33. Rxd8+ Bxd8 34. Qxg6 Qxg6 35. Nxg6 Rd7 36. Ne5 Re7 37. Rd1 Bxa5 38. Nxf7 Kg7 39. Nd6 Kh7 40. Nf5 Bf3 41. Ra1 Nc2 42. Nxe7 Nxa1 43. Be5 h5 44. g5 1-0

[Event "Montreal op"]
[Site "Montreal"]
[Date "2017.09.09"]
[Round "3"]
[White "Libersan, Thierry"]
[Black "Turcotte, Jonathan"]
[Result "1/2-1/2"]
[WhiteElo "2069"]
[BlackElo "1955"]
[PlyCount "62"]
[EventDate "2017.09.08"]
[EventType "swiss"]
[EventRounds "5"]
[EventCountry "CAN"]
[SourceTitle "CBM 180 Extra"]
[Source "ChessBase"]
[SourceDate "2017.10.06"]
[SourceVersion "1"]
[SourceVersionDate "2017.10.06"]
[SourceQuality "1"]

1. d4 d5 2. Bf4 c5 3. e3 Nc6 4. c3 Nf6 5. Nd2 Bf5 6. Ngf3 e6 7. Qb3 Qc8 8. Bb5 c4 9. Qa4 a6 10. Bxc6+ Qxc6 11. Qxc6+ bxc6 12. 0-0 h6 13. h3 Be7 14. Ne5 Rc8 15. f3 Nd7 16. e4 Bh7 17. b3 Nxe5 18. Bxe5 f6 19. Bg3 c5 20. bxc4 cxd4 21. cxd4 Bb4 22. cxd5 exd5 23. Nb3 dxe4 24. fxe4 Bxe4 25. Rac1 Kf7 26. Nc5 Bd5 27. Nxa6 Ba3 28. Rxc8 Rxc8 29. Nc7 Bc4 30. Rf3 Bb2 31. d5 Bxa2 1/2-1/2